Songs from Bowie's Station To Station - Statistics

General Stats
  • This quiz has been taken 17 times
  • The average score is 6 of 6
Answer Stats
Picture Answer % Correct
Station To Station
100%
TVC 15
100%
Golden Years
92%
Wild is the Wind
92%
Stay
85%
Word on a Wing
85%
No matching quizzes found
Score Distribution
Percent of People with Each Score
Percentile by Number Answered
Your Score History
You have not taken this quiz